000 00624nab a2200181 4500
001 244442
003 OSt
005 20251202140540.0
007 tu
008 251202s2020|||||||
040 _aDE-2950
_cDE-2950
245 0 0 _aEinblicke in neuen Fahrplan
_bNahverkehr. Wie läuft die Organisation in Frankfurt ab dem Fahrplanwechsel? Änderungen beim RE1 erfordern umfassende Anpassungen bei Bus und Straßenbahn/
_cLisa Larossa
264 _c2025
653 _aFrankfurt (Oder)
653 _aFahrplanwechsel
773 0 _g36. Jahrgang (2025) Nr. 276 vom 27.11.2025, S. 18 mit Foto
_tMärkische Oderzeitung
942 _2z
_cA
999 _c374139
_d374139